| 000 | 00549nam a22001937a 4500 | ||
|---|---|---|---|
| 003 | NUST - PNEC | ||
| 005 | 20170116180816.0 | ||
| 008 | 150522b xxu||||| |||| 00| 0 eng d | ||
| 020 | _a0070088616 | ||
| 040 | _cLIBRARY | ||
| 082 | _a510 BUD | ||
| 100 |
_93676 _aBudnick, Frank S. |
||
| 245 |
_aFinite mathematics : with applications _cFrank S. Budnick |
||
| 250 | _aInternational student edition | ||
| 260 |
_aNew York _bMcGraw-Hill Book Company _cc1985. |
||
| 300 | _aVarious pages | ||
| 650 |
_93677 _aMathematics _xME / EE |
||
| 942 |
_2ddc _cBK |
||
| 999 |
_c63526 _d63526 |
||